| 000 | 00916nam a2200301 a 4500 | ||
|---|---|---|---|
| 003 | AR-BaBNM | ||
| 005 | 20251128210210.0 | ||
| 008 | 082120s2002 ||||||||||||||000 | spa|| | ||
| 020 | _a84-7884-153-9 | ||
| 040 | _cAR-BaBNM | ||
| 110 | 2 | _aCoordinadora Infantil y Juvenil de Tiempo Libre de Vallecas | |
| 245 | 0 | 0 |
_aCampamentos de verano _bdiseño y organización |
| 260 |
_aMadrid _bPopular _c1995 |
||
| 300 | _a221 p. | ||
| 490 | 0 |
_aTiempo libre _vv. 5 |
|
| 504 | _aContiene bibliografía p. 217 | ||
| 650 | 4 | _aEDUCACION Y TIEMPO LIBRE | |
| 650 | 4 | _aACTIVIDADES AL AIRE LIBRE | |
| 650 | 4 | _aACTIVIDADES EN GRUPO | |
| 650 | 4 | _aORGANIZACION | |
| 653 | _aEDUCACION EN VALORES | ||
| 653 | _aCAMPAMENTOS EDUCATIVOS | ||
| 700 | 1 |
_aLamata Cotanda, Rafael _eprologuista |
|
| 800 | 1 |
_aMartínez, Luz _ecoordinador |
|
| 810 | 2 | _aEscuela de Animación y Educación Juvenil | |
| 942 | _cBK | ||
| 998 | _cRaquel | ||
| 999 |
_c14471 _d14471 |
||